Wikipedia Articles - Real or Fake - Statistics

General Stats
  • This quiz has been taken 537 times
  • The average score is 9 of 15
Answer Stats
Question Answer % Correct
List of films featuring giant monsters Real
95%
Disambiguation (disambiguation) Real
78%
JetPunk Real
76%
List of goalscoring goalkeepers Real
76%
List of ghosts Real
70%
Jimmy Carter rabbit incident Real
68%
List of lists of lists Real
62%
A drive into deep left field by Castellanos Real
62%
List of humorous units of measurement Real
54%
Burger King alien hoax Fake
43%
List of species that have landed on the Moon Real
43%
1940 in spaceflight Fake
41%
2021 Summer Olympics Fake
38%
List of individual rats Fake
32%
Meryl Streep (seagull) Fake
27%
No matching quizzes found
Score Distribution
Percent of People with Each Score
Percentile by Number Answered
Your Score History
You have not taken this quiz